Racionalidad dominante y testimonio: la disputa por el saber /

Bewaard in:
Bibliografische gegevens
Hoofdauteur: Avendaño Amador,César Roberto
Andere auteurs: Alvarado García, Víctor Manuel, Nava Becerra, Mayra Eréndira
Formaat: Texto
Tags: Voeg label toe
Geen labels, Wees de eerste die dit record labelt!

MARC

LEADER 00000 a a2200000 04500
001 46685
003
040
100 |a Avendaño Amador,César Roberto  
245 |a Racionalidad dominante y testimonio:   |b la disputa por el saber /  |c César Roberto Avendaño Amador, Víctor Manuel Alvarado García, Mayra Eréndira Nava Becerra  
700 |a Alvarado García, Víctor Manuel  
700 |a Nava Becerra, Mayra Eréndira  
773 |g número40 (2014), páginas 115-129  
999 |c 24651  |d 24651